| 000 | 00451nam a22001577a 4500 | ||
|---|---|---|---|
| 008 | 230612b |||||||| |||| 00| 0 eng d | ||
| 020 | _a0-540-05388-0 | ||
| 040 |
_aNational Science Library _cNational Science Library |
||
| 080 |
_aR 912(100) _bM1 |
||
| 245 | _aPhilips' universal atlas | ||
| 260 |
_aLondon: _bGeorge Philip & Son Ltd, _c1981 |
||
| 650 | _aGeography | ||
| 653 | _aAtlas | ||
| 700 | _aFullard, Harold (Ed.) | ||
| 942 |
_2udc _cREF |
||
| 999 |
_c42129 _d42129 |
||